[Event "25th Open"]
[Site "Geraadsbergen BEL"]
[Date "2009.08.13"]
[Round "3"]
[White "Van Mechelen,J"]
[Black "Achtergaele,K"]
[Result "1/2-1/2"]
[WhiteElo "2281"]
[BlackElo "2021"]

1.d4 d5 2.c4 e6 3.Nf3 Nf6 4.g3 Be7 5.Bg2 O-O 6.O-O c5 7.cxd5 exd5 8.Nc3 Nc6
9.dxc5 Bxc5 10.Bg5 d4 11.Bxf6 Qxf6 12.Nd5 Qd8 13.Nd2 Bg4 14.Nf4 Re8 15.h3 Bf5
16.Rc1 Bd6 17.Nd3 Qd7 18.Nc4 Be4 19.Nxd6 Bxg2 20.Kxg2 Qxd6 21.Re1 Qd5+ 22.Kg1 Qxa2
23.b3 Qa5 24.Rc5 Qd8 25.b4 a6 26.Qb3 Qd7 27.Kh2 Qe6 28.Qxe6 Rxe6 29.b5 axb5
30.Rxb5 Re7 31.Kg2 g6 32.Rb2 Ra3 33.Kf1 Na5 34.Reb1 Rc3 35.Rb5 Ra3 36.R5b4 Ra2
37.R4b2 Rxb2 38.Rxb2 Nc4 39.Rb4 Rc7 40.Ke1 f6 41.Nf4 Kf7 42.Nd5 Rd7 43.Rxc4 Rxd5
44.Rc7+ Ke6  1/2-1/2

[Event "ch-FRA National A"]
[Site "Nimes FRA"]
[Date "2009.08.13"]
[Round "4"]
[White "Tkachiev,V"]
[Black "Cornette,M"]
[Result "1/2-1/2"]
[WhiteElo "2650"]
[BlackElo "2578"]

1.Nf3 Nf6 2.c4 e6 3.g3 d5 4.d4 Be7 5.Bg2 O-O 6.Qc2 c5 7.O-O cxd4 8.Nxd4 e5
9.Nf5 d4 10.Nxe7+ Qxe7 11.Bg5 h6 12.Bxf6 Qxf6 13.Nd2 Nc6 14.c5 Bf5 15.Qb3 Qe7
16.Ne4 Bxe4 17.Bxe4 Kh8 18.Qc4 f5 19.Bxc6  1/2-1/2

[Event "ch-FRA National B"]
[Site "Nimes FRA"]
[Date "2009.08.14"]
[Round "5"]
[White "Govciyan,P"]
[Black "Terrieux,K"]
[Result "1-0"]
[WhiteElo "2438"]
[BlackElo "2442"]

1.d4 Nf6 2.c4 e6 3.g3 d5 4.Nf3 Be7 5.Bg2 O-O 6.O-O dxc4 7.Qc2 a6 8.a4 Bd7
9.Qxc4 Bc6 10.Bf4 Bd6 11.Nc3 Nbd7 12.Qd3 h6 13.Rfd1 Bxf3 14.Qxf3 Bxf4 15.Qxf4 c6
16.a5 Qb8 17.Qd2 Qc7 18.b4 Rad8 19.Qb2 e5 20.d5 cxd5 21.Nxd5 Qb8 22.Ne7+ Kh8
23.Nf5 b6 24.Qa3 e4 25.Nd6 bxa5 26.bxa5 Ne5 27.Qc5 Nfd7 28.Qd5 f5 29.Rab1 Qa8
30.Qxa8 Rxa8 31.Nxf5 Nf6 32.Nd6 Rab8 33.Nxe4 Nxe4 34.Bxe4 Nc4 35.Rxb8 Rxb8
36.Rd5  1-0

[Event "24th Open"]
[Site "Tetevan BUL"]
[Date "2009.08.16"]
[Round "2"]
[White "Andonov,B"]
[Black "Vasilev,Ve"]
[Result "1-0"]
[WhiteElo "2311"]
[BlackElo "2010"]

1.Nf3 d5 2.c4 e6 3.g3 Nf6 4.Bg2 Be7 5.d4 O-O 6.Qc2 c5 7.dxc5 Qa5+ 8.Qc3 Qxc5
9.cxd5 Nxd5 10.Qxc5 Bxc5 11.Bd2 Nc6 12.Nc3 Nxc3 13.Bxc3 Bd7 14.Rc1 Rfd8 15.O-O f6
16.a3 a5 17.e3 b6 18.Nd4 Rac8 19.Bxc6 Bxc6 20.Nxe6 Rd5 21.e4 Rh5 22.e5 fxe5
23.Nxc5 bxc5 24.Bxa5 Ba4 25.Rfe1 Rf5 26.Re2 Bb5 27.Rec2 e4 28.Bb4 c4 29.b3 Rd8
30.bxc4 Bc6 31.Bd2 h5 32.h4 Rdf8 33.Bb4 Re8 34.Re2 g5 35.hxg5 Rxg5 36.Bd6 h4
37.Rc3 Re6 38.c5 Rd5 39.Re1 e3 40.Rcxe3 Rxe3 41.fxe3 hxg3 42.Bxg3 Rxc5 43.Kf2 Rc3
44.Bd6 Kf7 45.Re2 Ke6 46.Bb4 Rc1 47.Rd2 Bb5 48.Rd6+ Ke5 49.Rb6 Rc2+ 50.Kf3 Bd7
51.Bd6+ Kd5 52.Bf4 Ra2 53.Rd6+  1-0

[Event "A2Bmedialtd.com Int Gp B"]
[Site "Uxbridge ENG"]
[Date "2009.08.16"]
[Round "9"]
[White "Doncea,V"]
[Black "Briscoe,C"]
[Result "1-0"]
[WhiteElo "2460"]
[BlackElo "2268"]

1.c4 Nf6 2.g3 e6 3.Bg2 d5 4.Nf3 Be7 5.d4 O-O 6.Qc2 dxc4 7.Qxc4 a6 8.Qd3 c5
9.O-O b5 10.Ne5 Ra7 11.dxc5 Bxc5 12.a4 Bb7 13.axb5 Bxg2 14.Kxg2 axb5 15.Rxa7 Bxa7
16.Qxb5 Ne4 17.Nd3 Nd7 18.Qb7 Qa8 19.Qxa8 Rxa8 20.Nd2 Nd6 21.Nf3 f6 22.Rd1 Bb8
23.Nd4 Kf7 24.f3 Ra1 25.Nc2 Rb1 26.Ndb4 Nc5 27.Na3 Ra1 28.Nbc2 Ra2 29.Nb4 Ra1
30.Rf1 Nf5 31.Bd2 Rxf1 32.Kxf1 Nb3 33.Bc3 Ne3+ 34.Ke1 Bd6 35.Nac2 Nc4 36.Nd3 e5
37.e4 Ke6 38.Ke2 g6 39.g4 Bc7 40.Ne3 Nxe3 41.Kxe3 Bb6+ 42.Ke2 Nd4+ 43.Bxd4 Bxd4
44.Kd2 h5 45.gxh5 gxh5 46.b3 f5 47.Ne1 Kf6 48.h3 Ke6 49.Kd3 f4 50.Kc4 Bf2
51.Nd3 Be3 52.b4 Bb6 53.Kb5 Bd4 54.Kc6 Kf6 55.h4 Bf2 56.Nxf2  1-0

[Event "Masters"]
[Site "Brasschaat BEL"]
[Date "2009.08.17"]
[Round "3"]
[White "Soors,S"]
[Black "Nijs,N"]
[Result "1-0"]
[WhiteElo "2222"]
[BlackElo "2242"]

1.d4 Nf6 2.c4 e6 3.Nf3 d5 4.g3 Be7 5.Bg2 O-O 6.O-O dxc4 7.Qc2 a6 8.Qxc4 b5
9.Qc2 Bb7 10.Bd2 Be4 11.Qc1 Bb7 12.a3 Qc8 13.b4 Nbd7 14.Ra2 Bd6 15.Bf4 Re8
16.Nbd2 e5 17.dxe5 Nxe5 18.Bxe5 Bxe5 19.Rc2 Bd6 20.Nd4 Bxg2 21.Kxg2 a5 22.N2f3 Qb7
23.Qg5 Be5 24.Nc6 h6 25.Qf5 g6 26.Qh3 axb4 27.axb4 Kg7 28.Rd1 Bd6 29.Kg1 Re4
30.Nfd4 Ra4 31.e3 Re8 32.Qf1 Bxb4 33.Nxb5 Rea8 34.Nd8 Qa6 35.Qc4 Rxd8 36.Rxd8 Ra1+
37.Kg2 Be7 38.Rdd2 c5 39.f3 Rb1 40.Nd6 Qxc4 41.Nxc4  1-0

[Event "ch-FRA National B"]
[Site "Nimes FRA"]
[Date "2009.08.18"]
[Round "8"]
[White "Charnushevich,A"]
[Black "Bedouin,X"]
[Result "1-0"]
[WhiteElo "2503"]
[BlackElo "2378"]

1.c4 e6 2.Nf3 d5 3.g3 Nf6 4.Bg2 Be7 5.d4 O-O 6.Nbd2 c5 7.cxd5 exd5 8.dxc5 Bxc5
9.O-O Nc6 10.Nb3 Bb6 11.Nfd4 Nxd4 12.Nxd4 Ne4 13.Be3 Qf6 14.Qd3 Rd8 15.Rac1 Nc5
16.Qc2 Be6 17.Nxe6 Nxe6 18.Bxb6 axb6 19.a3 Nc5 20.Rfd1 d4 21.Rd2 g6 22.b4 Ne6
23.Rd3 Rd7 24.Qd2 Kg7 25.Qb2 Rad8 26.Rcd1 h5 27.h4 Kh7 28.Kf1 Qe5 29.e3 f5
30.Kg1 Qf6 31.a4 Qe5 32.Qa1 Qg7 33.Kh2 Qe7 34.exd4 Qxb4 35.Rb1 Qc4 36.Rdb3 Qxd4
37.Qxd4 Rxd4 38.Rxb6 Nc5 39.a5 Rc4 40.Bxb7 Rc2 41.Rc6 Rdd2 42.Kg1 Nxb7 43.Rxb7+ Kh6
44.Rxc2 Rxc2 45.a6 Ra2 46.a7 g5 47.Rb6+ Kg7 48.hxg5 Rxa7 49.Rf6 Ra4 50.Rxf5 Kg6
51.Re5 h4 52.Kg2 hxg3 53.Kxg3 Kh5 54.Kf3 Ra8 55.Ke4 Rg8 56.f4 Kg4 57.Re6 Ra8
58.Rf6 Re8+ 59.Kd5 Re1 60.g6 Kh5 61.f5  1-0

[Event "16th Vienna Open"]
[Site "Vienna AUT"]
[Date "2009.08.18"]
[Round "4"]
[White "Cvitan,O"]
[Black "Stigar,P"]
[Result "1-0"]
[WhiteElo "2521"]
[BlackElo "2297"]

1.d4 Nf6 2.c4 e6 3.g3 d5 4.Bg2 Be7 5.Nf3 O-O 6.O-O dxc4 7.Qc2 a6 8.Qxc4 b5
9.Qc2 Bb7 10.Bd2 Bd6 11.Rc1 Nbd7 12.b4 Nb6 13.a3 Be4 14.Qd1 Bd5 15.Bg5 a5
16.Nbd2 h6 17.Bxf6 gxf6 18.e4 Bb7 19.Rab1 axb4 20.axb4 Re8 21.Qe2 Qd7 22.Bf1 Ba6
23.e5 fxe5 24.Ne4 Be7 25.Nxe5 Qxd4 26.Qg4+  1-0

[Event "ch-FRA National B"]
[Site "Nimes FRA"]
[Date "2009.08.20"]
[Round "10"]
[White "Housieaux,D"]
[Black "Bedouin,X"]
[Result "1-0"]
[WhiteElo "2419"]
[BlackElo "2378"]

1.c4 e6 2.g3 d5 3.Bg2 Nf6 4.Nf3 Be7 5.d4 O-O 6.O-O dxc4 7.Qc2 a6 8.Qxc4 b5
9.Qc2 Bb7 10.Bg5 Nbd7 11.Bxf6 Nxf6 12.Nbd2 Rc8 13.Nb3 c5 14.dxc5 Bd5 15.Rfd1 Bxb3
16.axb3 Rxc5 17.Qxc5 Bxc5 18.Rxd8 Rxd8 19.Ne5 Rd2 20.Nd3 Bd4 21.Rxa6 h5 22.Bf1 e5
23.e3 e4 24.Nf4 Be5 25.Nh3 Rxb2 26.Ng5 g6 27.Bxb5 Rxb3 28.Bc4 Rb1+ 29.Kg2 h4
30.Nxf7 Bc3 31.Ng5+ Kg7 32.Ra7+ Kh6 33.Nf7+ Kg7 34.g4 h3+ 35.Kxh3 Rg1 36.g5 Nh5
37.Nd6+  1-0

[Event "16th Vienna Open"]
[Site "Vienna AUT"]
[Date "2009.08.20"]
[Round "6"]
[White "Schneider Zinner,H"]
[Black "Kopinits,A"]
[Result "1/2-1/2"]
[WhiteElo "2352"]
[BlackElo "2257"]

1.Nf3 Nf6 2.c4 e6 3.g3 d5 4.d4 Be7 5.Bg2 O-O 6.O-O dxc4 7.Qc2 a6 8.a4 Bd7
9.Qxc4 Bc6 10.Bg5 Bd5 11.Qc2 Be4 12.Qd1 Nc6 13.Nbd2 Bxf3 14.Nxf3 h6 15.Bf4 Rb8
16.Qc2 Bd6 17.Bd2 e5 18.dxe5 Nxe5 19.Nxe5 Bxe5 20.Bb4 Bd6 21.Rad1 Qe7 22.Bxd6 cxd6
23.Rd4 a5 24.Rfd1 Rfd8 25.Qd2 Ne8 26.e3 b5 27.b3 bxa4 28.bxa4 Qa7 29.Bc6 Qc5
30.Bxe8 Rxe8 31.Rd5 Qa3 32.Rxa5 Rb4 33.Qxd6 Rxe3 34.Ra8+ Kh7 35.Qd5 Rf3 36.Kg2 Rf6
37.Rd3 Qc1 38.Rd1 Qb2 39.Qd3+ g6 40.Rd2 Qe5 41.Re2 Rd4 42.Rxe5 Rxd3 43.Re3 Rd2
44.Rf3 Rxf3 45.Kxf3 Ra2 46.h4 h5 47.Ke3 Kg7 48.Ra6 Ra3+ 49.Ke4 Ra2 50.f3 Ra3
51.a5 Kh6 52.Ra8 Kg7 53.a6 Kf6 54.Kd5 Rxf3 55.Rb8 Ra3 56.Rb6+ Kf5 57.Kc6 Kg4
58.Rb4+ Kxg3 59.Kb5 f5 60.Ra4 Rb3+ 61.Rb4 Ra3 62.Ra4 Rb3+ 63.Rb4 Ra3 64.Ra4  1/2-1/2

[Event "XXVI Open A"]
[Site "Collado Villalba ESP"]
[Date "2009.08.21"]
[Round "1"]
[White "Suba,M"]
[Black "Arias Castanedo,J"]
[Result "1-0"]
[WhiteElo "2540"]
[BlackElo "2023"]

1.c4 e6 2.Nf3 Nf6 3.g3 d5 4.Bg2 Be7 5.d4 O-O 6.O-O a6 7.Qc2 dxc4 8.Qxc4 b5
9.Qc2 Bb7 10.Bd2 Be4 11.Qc1 Nbd7 12.Ba5 Rc8 13.Nbd2 Bb7 14.Re1 Nb6 15.b4 Kh8
16.Qc2 Nfd7 17.e4 f6 18.Qb3 e5 19.Rad1 Bd6 20.Qc3 Qe7 21.Bh3 g6 22.Rc1 Kg7
23.Qe3 Rce8 24.Rc2 Qf7 25.Rec1 h6 26.Rxc7 Bxc7 27.Rxc7 Re7 28.Rxb7 Nc4 29.Nxc4 bxc4
30.d5 f5 31.d6 Re6 32.exf5 gxf5 33.Nh4 Rf6 34.Qa7 Qd5 35.Rxd7+ R8f7 36.Nxf5+  1-0

[Event "XXI Festival Open A"]
[Site "Porto San Giorgio ITA"]
[Date "2009.08.21"]
[Round "1"]
[White "Borgo,G"]
[Black "Orsini,D"]
[Result "1-0"]
[WhiteElo "2433"]
[BlackElo "2003"]

1.Nf3 e6 2.d4 d5 3.c4 Nf6 4.g3 Be7 5.Bg2 c6 6.O-O O-O 7.Qc2 Nbd7 8.b3 Ne4
9.a4 Bf6 10.Bb2 Re8 11.Rd1 Qb6 12.a5 Qc7 13.e3 b6 14.Rc1 Nb8 15.Nbd2 Nxd2
16.Nxd2 Rd8 17.axb6 Qxb6 18.Bc3 Qb7 19.Ba5 Re8 20.b4 Na6 21.Rab1 Bd7 22.b5 cxb5
23.cxb5 Bxb5 24.Bf1  1-0

[Event "5th Geller Mem Open A"]
[Site "Odessa UKR"]
[Date "2009.08.23"]
[Round "4"]
[White "Matjushin,G"]
[Black "Poluektov,Y2"]
[Result "1/2-1/2"]
[WhiteElo "2480"]
[BlackElo "2385"]

1.Nf3 Nf6 2.c4 e6 3.g3 d5 4.d4 Be7 5.Bg2 O-O 6.O-O c6 7.Nc3 b6 8.b3 Bb7 9.Bb2 Nbd7
10.Qd3 Rc8 11.Rfd1 Qc7 12.Rac1 Qb8 13.e4 Rfd8 14.e5 Ne8 15.cxd5 cxd5 16.h4 Nf8
17.Ng5 h6 18.Nh3 Nc7 19.Qf3 Ba6 20.Nf4 b5 21.Nh5 b4 22.Na4 Ne8 23.Nc5 Bb5
24.a4 bxa3 25.Bxa3 Rc7 26.Rc3 Bxc5 27.Bxc5 Nd7 28.b4 Nxc5 29.bxc5 Bc4 30.Nf4 a5
31.Ra3 Ra7 32.Qc3 Qb5 33.Rda1 Rda8 34.Bf3 Ra6 35.Ra4 Qb3 36.Qxb3  1/2-1/2

[Event "16th Vienna Open"]
[Site "Vienna AUT"]
[Date "2009.08.23"]
[Round "9"]
[White "Ramondino,R"]
[Black "Schroll,G"]
[Result "1/2-1/2"]
[WhiteElo "2274"]
[BlackElo "2400"]

1.Nf3 Nf6 2.c4 e6 3.g3 d5 4.d4 Be7 5.Bg2 dxc4 6.Qa4+ Nbd7 7.Qxc4 a6 8.Qc2 c5
9.dxc5 Bxc5 10.O-O Qc7 11.Be3 Nd5 12.Bxc5 Qxc5 13.Rc1 Qxc2  1/2-1/2

[Event "3rd NH Chess Tournament"]
[Site "Amsterdam NED"]
[Date "2009.08.24"]
[Round "5"]
[White "Nielsen,PH"]
[Black "Hou Yifan"]
[Result "1/2-1/2"]
[WhiteElo "2680"]
[BlackElo "2584"]

1.Nf3 Nf6 2.c4 e6 3.g3 d5 4.d4 Be7 5.Bg2 O-O 6.O-O dxc4 7.Qc2 a6 8.Qxc4 b5
9.Qc2 Bb7 10.Bd2 Be4 11.Qc1 Bb7 12.Bf4 Bd6 13.Nbd2 Nd5 14.Be5 Nd7 15.Nb3 a5
16.Nc5 Bxc5 17.dxc5 Ra6 18.Rd1 Qe7 19.e4 N5f6 20.Bxf6 Nxf6 21.Nd2 e5 22.a4 bxa4
23.Rxa4 Bc6 24.Ra1 Raa8 25.Qc2 a4 26.b4 axb3 27.Nxb3 Ba4 28.Ra3 Nd7 29.Rc1 Rfb8
30.Qc3 Bxb3 31.Rxa8 Rxa8 32.Qxb3 Rb8 33.Qa4 Nf8 34.Bh3 g6 35.c6 Rb2 36.Qa7 Qd6
37.Qc5  1/2-1/2

[Event "XXI Festival Open A"]
[Site "Porto San Giorgio ITA"]
[Date "2009.08.25"]
[Round "5"]
[White "Kizov,A"]
[Black "Fiorentini,P"]
[Result "1-0"]
[WhiteElo "2397"]
[BlackElo "1973"]

1.d4 Nf6 2.c4 e6 3.g3 d5 4.Nf3 Be7 5.Bg2 O-O 6.O-O b6 7.Ne5 Bb7 8.Nc3 c6
9.e4 dxe4 10.Nxe4 Nxe4 11.Bxe4 Bf6 12.Bf4 Qe7 13.Qf3 Rc8 14.Rad1 a5 15.h4 Ra7
16.Rfe1 Na6 17.a3 c5 18.d5 Bxe5 19.Bxe5 f6 20.Bc3 Nb8 21.h5 Rf8 22.Bf5 e5
23.Bc2 Nd7 24.Qf5 g6 25.hxg6 h6 26.g7 Qxg7 27.Re4 Qh7 28.Rg4+  1-0

[Event "IM"]
[Site "Dieppe FRA"]
[Date "2009.08.26"]
[Round "5"]
[White "D'Costa,L"]
[Black "Song,Ju"]
[Result "1-0"]
[WhiteElo "2477"]
[BlackElo "2319"]

1.d4 Nf6 2.c4 e6 3.Nf3 d5 4.g3 Be7 5.Bg2 O-O 6.O-O dxc4 7.Qc2 a6 8.a4 Bd7
9.Rd1 Bc6 10.Nc3 a5 11.e4 Na6 12.Ne5 Nb4 13.Qe2 Nd3 14.Nxc4 Nxc1 15.Raxc1 Bb4
16.Nb5 Bxb5 17.axb5 Rc8 18.Ne3 c6 19.bxc6 bxc6 20.Qa6 Qd7 21.Bf3 Rfd8 22.Kg2 Qe8
23.Nc2 Ra8 24.Qc4 Bf8 25.Ne1 e5 26.dxe5 Rxd1 27.Rxd1 Nd7 28.e6 fxe6 29.Bg4 Nc5
30.Nd3 Nxd3 31.Rxd3 Rb8 32.Bxe6+ Kh8 33.Bd7 Qe7 34.Qxc6 Rxb2 35.Qa8 Rb6 36.e5  1-0

[Event "IM"]
[Site "Dieppe FRA"]
[Date "2009.08.26"]
[Round "6"]
[White "D'Costa,L"]
[Black "Eggleston,D"]
[Result "1/2-1/2"]
[WhiteElo "2477"]
[BlackElo "2341"]

1.d4 Nf6 2.c4 e6 3.g3 d5 4.Nf3 Be7 5.Bg2 O-O 6.O-O b6 7.Nc3 Bb7 8.Ne5 Nbd7
9.Bf4 c6 10.Rc1 Nh5 11.Bd2 Nhf6 12.Bf4 Nh5 13.cxd5 cxd5 14.e3 Nxf4 15.gxf4 Rc8
16.Qa4 Nxe5 17.dxe5 a6 18.Ne2 Rc5 19.Rc3  1/2-1/2

[Event "6th Open"]
[Site "Kalamaria GRE"]
[Date "2009.08.29"]
[Round "9"]
[White "Iskusnyh,S"]
[Black "Bromberger,S"]
[Result "1/2-1/2"]
[WhiteElo "2471"]
[BlackElo "2510"]

1.d4 Nf6 2.c4 e6 3.Nf3 d5 4.g3 Be7 5.Bg2 O-O 6.O-O dxc4 7.Qc2 a6 8.Qxc4 b5
9.Qc2 Bb7 10.Bd2 Ra7 11.Rc1 Be4 12.Qb3 Nc6 13.e3 Qa8 14.Qd1 b4 15.Qf1 Nb8
16.Ne5 c5 17.dxc5 Qd5 18.Nc4 Bxc5 19.Be1 a5 20.Nbd2 Bxg2 21.Qxg2 a4 22.Qxd5 exd5
23.Ne5 Bd6 24.Ndf3 Nbd7 25.Nxd7 Rxd7 26.Rc6 Rb8 27.Rac1 Ne4 28.Rc8+ Rd8 29.Rxd8+ Rxd8
30.Nd4 Nc5 31.Nc6 Nd3 32.Rd1 Rc8 33.Rxd3 Rxc6 34.Rxd5 Bf8 35.b3 g6 36.Kf1 Rc2
37.Rd2 axb3 38.axb3 Rc3 39.Rb2 Rc1 40.Ke2 h5 41.Rd2 Rb1 42.Rd3 f5 43.h4 Kf7
44.Bd2 Ke6 45.Kf3 Ke5 46.Kg2 Bc5 47.f3 Rb2 48.Kf1 Ke6 49.Ke2 Bd6 50.f4 Rb1
51.Kf3 Rf1+ 52.Kg2 Rb1 53.Kf2 Bc5 54.Ke2 Bd6 55.Be1 Rb2+ 56.Kf3 Rb1 57.Bd2 Rf1+
58.Ke2  1/2-1/2

[Event "XXI Festival Open A"]
[Site "Porto San Giorgio ITA"]
[Date "2009.08.29"]
[Round "9"]
[White "Malloni,M"]
[Black "Rinaudo,A"]
[Result "1-0"]
[WhiteElo "2271"]
[BlackElo "2101"]

1.d4 Nf6 2.c4 e6 3.Nf3 d5 4.g3 Be7 5.Bg2 O-O 6.O-O dxc4 7.Qa4 Bd7 8.Qxc4 Bc6
9.Nc3 Nbd7 10.Rd1 a6 11.Bf4 h6 12.Rac1 Bd6 13.a3 Qe7 14.Qb3 Bxf4 15.gxf4 Qd6
16.e3 Rab8 17.Qc2 g6 18.Kh1 Ng4 19.h3 Ngf6 20.Rg1 Kh8 21.Ne5 Bxg2+ 22.Rxg2 Qe7
23.Ne4 Nxe4 24.Qxe4 Nxe5 25.Qxe5+ Kh7 26.Rxc7 Qe8 27.Qf6 b5 28.Qxg6+  1-0

[Event "43rd Open"]
[Site "Mislata ESP"]
[Date "2009.08.30"]
[Round "9"]
[White "Gonzalez Aguirre,L"]
[Black "Mascaro March,P"]
[Result "1/2-1/2"]
[WhiteElo "2163"]
[BlackElo "2382"]

1.c4 e6 2.g3 Nf6 3.Bg2 d5 4.d4 Be7 5.Nf3 O-O 6.O-O dxc4 7.Qc2 a6 8.a4 Bd7
9.Ne5 Bc6 10.Nxc6 Nxc6 11.e3 Na5 12.Nd2 c5 13.dxc5 Rc8 14.b4 cxb3 15.Nxb3 Nc6
16.Ba3 Qc7 17.Rfd1 Rfd8 18.Rxd8+ Nxd8 19.Qe2 Qd7 20.Qc4 Qc7 21.Qe2 Bf8 22.Rc1 Nd7
23.Bb2 Nb8 24.h3 Qd7 25.Rc4 Nbc6 26.Qc2 Qc7 27.Rh4 h6 28.Qc3 Ne7 29.Rg4 e5
30.Qxe5 Qxe5 31.Bxe5 Nec6 32.Bb2 Ne6 33.Rc4 Rd8 34.Bd4 Be7 35.Bxc6 bxc6 36.Rb4 Rd5
37.Rb6 Bxc5 38.Rxc6 Bxd4 39.Nxd4 Nxd4 40.exd4 Rxd4 41.Rxa6 h5 42.h4 g6 43.a5 Ra4
44.Kg2 Ra3 45.Ra7 Kg7 46.a6 Kf6  1/2-1/2

[Event "4th Kolkata Open"]
[Site "Kolkata IND"]
[Date "2009.09.03"]
[Round "3"]
[White "Sandipan,C"]
[Black "Khusnutdinov,R"]
[Result "1-0"]
[WhiteElo "2611"]
[BlackElo "2506"]

1.d4 Nf6 2.c4 e6 3.g3 d5 4.Nf3 Be7 5.Bg2 O-O 6.O-O dxc4 7.Qc2 a6 8.Qxc4 b5
9.Qc2 Bb7 10.Bd2 Bd6 11.Re1 Be4 12.Qc1 Nbd7 13.Ba5 Rc8 14.Nbd2 Ba8 15.e4 e5
16.dxe5 Bxe5 17.Qc2 Qe7 18.Bh3 c5 19.Rad1 Bc7 20.Bxc7 Rxc7 21.e5 Ne8 22.e6 fxe6
23.Bxe6+ Kh8 24.Bg8 Qxe1+ 25.Rxe1 Kxg8 26.Ng5 Nef6 27.Re7 Bd5 28.Nde4 Rc6
29.Nc3 Nb6 30.Nxd5 Nbxd5 31.Re6 Rfc8 32.Qf5 h6 33.Ne4 c4 34.Rd6 Kh8 35.Rxd5 Nxd5
36.Qxd5 b4 37.Nd6 c3 38.bxc3  1-0

[Event "XIX EYCC Boys U18"]
[Site "Fermo ITA"]
[Date "2009.09.04"]
[Round "5"]
[White "Janev,T"]
[Black "Ter Sahakyan,S"]
[Result "0-1"]
[WhiteElo "2322"]
[BlackElo "2480"]

1.d4 d5 2.c4 e6 3.Nf3 Nf6 4.g3 Be7 5.Bg2 O-O 6.O-O c6 7.Nbd2 Nbd7 8.Qc2 b6
9.e4 Bb7 10.e5 Ne8 11.Rd1 c5 12.dxc5 Nxc5 13.Nb3 Nd7 14.cxd5 Bxd5 15.Bf4 Rc8
16.Qe2 Nc7 17.Rac1 Bb7 18.h4 Nd5 19.Bd2 Rxc1 20.Rxc1 Qb8 21.Nbd4 Rc8 22.Re1 Nc5
23.Ng5 h6 24.Nxf7 Kxf7 25.b4 Nxb4 26.Bh3 Nbd3 27.Bxe6+ Nxe6 28.Qxd3 Nxd4
29.Qxd4 Kg8 30.Qg4 Kh8 31.Qg6 Rc6 32.e6 Qf8 33.Bg5 hxg5 34.hxg5 Rc5 35.f4 Kg8
36.Kh2 Bxg5 37.Kh3 Be7 38.Kg4 Qf6  0-1

[Event "4th Xtracon Skovbo"]
[Site "Borup DEN"]
[Date "2009.09.05"]
[Round "3"]
[White "Rosenkilde,A"]
[Black "De Verdier,M"]
[Result "1/2-1/2"]
[WhiteElo "2180"]
[BlackElo "2276"]

1.d4 Nf6 2.c4 e6 3.Nf3 d5 4.g3 Be7 5.Bg2 O-O 6.O-O dxc4 7.Qc2 a6 8.Qxc4 b5
9.Qc2 Bb7 10.Bd2 h6 11.Rd1 Bd6 12.Be1 Be4 13.Qc1 Qc8 14.Nbd2 Bd5 15.Qc2 Qb7
16.Rac1 Nbd7 17.Nb3 Be4 18.Qd2 Qb6 19.Qa5 Rfd8 20.Bb4 Nd5 21.Bxd6 cxd6 22.Qxb6 N5xb6
23.Na5 Rdc8 24.Ne5 Bxg2  1/2-1/2

[Event "USCL 2009"]
[Site "ICC INT"]
[Date "2009.09.08"]
[Round "2"]
[White "Enkhbat,T"]
[Black "Lapshun,Y"]
[Result "1/2-1/2"]
[WhiteElo "2253"]
[BlackElo "2448"]

1.d4 Nf6 2.c4 e6 3.g3 d5 4.Nf3 Be7 5.Bg2 O-O 6.O-O c6 7.Qc2 b6 8.b3 Bb7 9.Rd1 Nbd7
10.Nc3 c5 11.cxd5 exd5 12.Bb2 Rc8 13.Qf5 g6 14.Qf4 Re8 15.Nb5 a6 16.Nc3 b5
17.dxc5 Bxc5 18.Ng5 Ba3 19.Bxa3 Rxc3 20.e3 h6 21.Nf3 Kh7 22.Qd4 Rc8 23.Ne1 Qb6
24.Bb2 Qxd4 25.Bxd4 Ne4 26.Rac1 f5 27.f3 Ng5 28.Nd3 Ne6 29.Kf2 Kg8 30.h4 Kf7
31.a3 Rxc1 32.Rxc1 Rc8 33.Rxc8 Bxc8 34.Nf4 Nxf4 35.gxf4 Nb8 36.Ke2 Nc6 37.Kd3 Bd7
38.Kc3 Be8 39.Bf1 Ke7 40.Bc5+ Ke6 41.a4 Nb8 42.axb5 axb5 43.Bf8 h5 44.Kb4 Nc6+
45.Kc5 Na5 46.Kb4 Nc6+ 47.Kxb5 Nd4+ 48.Kb4 Nxf3 49.Kc3 Nxh4 50.Kd2 g5 51.fxg5 Nf3+
52.Ke2 Nxg5 53.Bg2 h4 54.Kf2 Bb5 55.Bh6 Ne4+ 56.Bxe4 fxe4 57.Bg7 Kf5 58.Kg2 Kg4
59.Bd4 Bd7 60.b4 h3+ 61.Kh2 Kf3  1/2-1/2

[Event "4th Kolkata Open"]
[Site "Kolkata IND"]
[Date "2009.09.08"]
[Round "8"]
[White "Tkachiev,V"]
[Black "Murali Krishnan,B"]
[Result "1-0"]
[WhiteElo "2669"]
[BlackElo "2420"]

1.Nf3 d5 2.d4 Nf6 3.c4 e6 4.g3 Be7 5.Bg2 O-O 6.O-O b6 7.cxd5 exd5 8.Nc3 Bb7
9.Ne5 Na6 10.Bf4 c5 11.Rc1 Nc7 12.dxc5 bxc5 13.Qa4 Bd6 14.Nd3 Ne6 15.Rfd1 Re8
16.e3 h6 17.Bxd6 Qxd6 18.Qa3 Qe7 19.Na4 c4 20.Ndc5 Bc6 21.Rc3 Rab8 22.Nxe6 fxe6
23.e4 Rb4 24.b3 Bxa4 25.bxa4 Qc5 26.Rcc1 a5 27.exd5 exd5 28.Qd3 Rd8 29.Qf5 Rxa4
30.Rc2 Rb4 31.h4 h5 32.Rcd2 c3 33.Rxd5 Rxd5 34.Rxd5 Rb1+ 35.Qxb1 Nxd5 36.Qf5  1-0

[Event "4th Kolkata Open"]
[Site "Kolkata IND"]
[Date "2009.09.08"]
[Round "8"]
[White "Panchanathan,M"]
[Black "Short,N"]
[Result "0-1"]
[WhiteElo "2532"]
[BlackElo "2706"]

1.d4 Nf6 2.c4 e6 3.g3 d5 4.Nf3 Be7 5.Bg2 O-O 6.O-O dxc4 7.Ne5 Nc6 8.Nxc6 bxc6
9.e3 Ba6 10.Nc3 Qd7 11.Qc2 Nd5 12.a3 Rab8 13.Rd1 Nxc3 14.Qxc3 c5 15.Qc2 Rfd8
16.Bd2 cxd4 17.exd4 Qxd4 18.Bb4 Qf6 19.Bxe7 Qxe7 20.Qa4 Rb6 21.Rxd8+ Qxd8
22.Rd1 Qc8 23.Bf1 h6 24.Bxc4 Bxc4 25.Qxc4 Rxb2 26.Rc1 a6 27.h4 Rb5 28.Qc6 Rd5
29.Kg2 a5 30.Rc3 g6 31.Rb3 h5 32.Kh2 Qd8 33.Rf3 Qd7 34.Qa6 Kg7 35.Kg2 Qb5  0-1

[Event "ch-POR"]
[Site "Amadora POR"]
[Date "2009.09.09"]
[Round "5"]
[White "Fernandes,Ant"]
[Black "Viela,A"]
[Result "1-0"]
[WhiteElo "2409"]
[BlackElo "2219"]

1.d4 d5 2.c4 e6 3.Nf3 Nf6 4.g3 Be7 5.Bg2 b6 6.O-O O-O 7.Nc3 Bb7 8.Ne5 Qc8
9.cxd5 exd5 10.Bg5 Qd8 11.Qc2 Nbd7 12.Qa4 Nxe5 13.dxe5 Ne4 14.Bxe7 Qxe7 15.Nxe4 dxe4
16.Bxe4 Bxe4 17.Qxe4 Rfe8 18.f4 f6 19.Qc4+ Qf7 20.Rac1 Qxc4 21.Rxc4 c5 22.Rd1 fxe5
23.Rd7 exf4 24.Rxf4 Rad8 25.Rxd8 Rxd8 26.Ra4 Rd2 27.Rxa7 Rxe2 28.b3 Rb2 29.Ra6 b5
30.Rc6 c4 31.bxc4 bxc4 32.a4 Rc2 33.a5 Ra2 34.a6 c3 35.Rxc3 Rxa6 36.Rc2 h5
37.Kg2 Ra4 38.Rc5 h4 39.Kh3 hxg3 40.hxg3 Kh7 41.g4 Ra1 42.Kh4 Rh1+ 43.Kg5 Rb1
44.Re5 Ra1 45.Re3 Ra5+ 46.Kf4 g5+ 47.Ke4 Kg6 48.Rd3 Kf6 49.Rd6+ Kg7 50.Rd5 Ra4+
51.Kf5 Ra6 52.Rd7+ Kg8 53.Ke4  1-0

[Event "ch-POR"]
[Site "Amadora POR"]
[Date "2009.09.11"]
[Round "7"]
[White "Andrade,Jo"]
[Black "Viela,A"]
[Result "1/2-1/2"]
[WhiteElo "2259"]
[BlackElo "2219"]

1.c4 e6 2.Nf3 Nf6 3.d4 d5 4.g3 Be7 5.Bg2 O-O 6.O-O dxc4 7.Ne5 c5 8.dxc5 Qc7
9.Nxc4 Qxc5 10.Nba3 e5 11.Be3 Qc7 12.Rc1 Nc6 13.Qc2 Be6 14.Qb1 Rfd8 15.b3 Ng4
16.Nb5 Qb8 17.h3 Nxe3 18.Nxe3 a6 19.Nc3 Nd4 20.Nc2 Qa7 21.e3 Nb5 22.Qb2 Nxc3
23.Qxc3  1/2-1/2

[Event "ch-RUS HL"]
[Site "Ulan Ude RUS"]
[Date "2009.09.12"]
[Round "10"]
[White "Romanov,E"]
[Black "Lysyj,I"]
[Result "1/2-1/2"]
[WhiteElo "2588"]
[BlackElo "2612"]

1.Nf3 Nf6 2.c4 e6 3.g3 d5 4.d4 Be7 5.Bg2 O-O 6.O-O dxc4 7.Qc2 a6 8.Qxc4 b5
9.Qc2 Bb7 10.Bd2 Be4 11.Qc1 Bb7 12.Qc2 Be4 13.Qc1 Bb7 14.Bf4 Nd5 15.Nc3 Nxf4
16.Qxf4 Nd7 17.Rfd1 Bd6 18.Qe3 Nb6 19.a4 Nxa4 20.Nxa4 bxa4 21.Rxa4 Rb8 22.Nd2 Bxg2
23.Kxg2 Rxb2 24.Rxa6 Bb4 25.Nf3 c5 26.Qc1 Qc8 27.Rxe6 Rb3 28.Rb6 Ba3 29.Rxb3 Bxc1
30.Rxc1 c4 31.Rbc3 Qe6 32.Rxc4 Qxe2 33.d5 f6 34.d6 Qe6 35.Rd4 Rd8 36.Rcd1 Rd7
37.h4 Qb3 38.R1d3 Qb7 39.Kh2 Qb2 40.Nd2 Kf7 41.Ne4 h5 42.Rd2 Qb6 43.Rd5 Kg6
44.Nc3 Kf7 45.Kg1 Ke8 46.Ne2 Kf7 47.Nf4 g6 48.Ng2 Qc6 49.Ne3 Ke6 50.Kh2 Kf7
51.R5d4 Qc5 52.Nc4 Qc6 53.Re2 Kg7 54.Red2 Kf7 55.Ne3 Qc5 56.R4d3 Qc6 57.Nd1 Qc4
58.Nb2 Qc6 59.Rd4 Ke8 60.Rc4 Qf3 61.Rf4 Qc3 62.Nc4 Kf8 63.Re2 Kg7 64.Re6 Rb7
65.Re7+ Rxe7 66.dxe7 Qe1 67.Ne3 Kf7 68.Rxf6+ Kxe7 69.Nd5+ Kd7 70.Rf4 Ke6
71.Nf6 Qf1 72.Nh7 Ke7 73.Ng5 Kd7 74.Rf7+ Ke8 75.Rf3 Ke7 76.Nh3 Ke6 77.Nf4+ Kf5
78.Ng2+ Ke6 79.Re3+ Kd6 80.f4 Qf2 81.Re5 Qc2 82.Rg5 Ke6 83.g4 hxg4 84.Kg3 Qd3+
85.Kxg4 Qe2+ 86.Kg3 Kf6 87.Re5 Qd1 88.Rg5  1/2-1/2

[Event "Quality Chess Int"]
[Site "Edinburgh SCO"]
[Date "2009.09.14"]
[Round "3"]
[White "Greet,A"]
[Black "Eggleston,D"]
[Result "1-0"]
[WhiteElo "2433"]
[BlackElo "2368"]

1.d4 Nf6 2.c4 e6 3.g3 d5 4.Nf3 Be7 5.Bg2 O-O 6.O-O c6 7.Qc2 Nbd7 8.Nbd2 b6
9.e4 dxe4 10.Nxe4 Bb7 11.Bf4 Nxe4 12.Qxe4 Nf6 13.Qe2 c5 14.Rad1 cxd4 15.Nxd4 Qc8
16.b3 a6 17.Nf5 Bc5 18.Nxg7 Kxg7 19.Qe5 h6 20.Bxh6+ Kxh6 21.Qxf6+ Kh7 22.Rfe1 Rg8
23.Re5 Rg7 24.Rh5+ Kg8 25.Qh4 Kf8 26.Bxb7  1-0

[Event "ch-NED w"]
[Site "Haaksbergen NED"]
[Date "2009.09.18"]
[Round "8"]
[White "Peng Zhaoqin"]
[Black "Middelveld,M"]
[Result "1-0"]
[WhiteElo "2407"]
[BlackElo "2078"]

1.d4 e6 2.c4 Nf6 3.g3 d5 4.Nf3 Be7 5.Bg2 O-O 6.O-O b6 7.cxd5 exd5 8.Nc3 Bb7
9.Ne5 c5 10.Bf4 Nbd7 11.Qa4 Nxe5 12.dxe5 Nh5 13.Be3 Qc7 14.Nxd5 Qxe5 15.Rad1 Kh8
16.Qd7  1-0